Larry Stylinson - Statistics

General Stats
  • This quiz has been taken 5,727 times
  • The average score is 15 of 33
Answer Stats
Hint Answer % Correct
"My first real crush was ____ ____" Louis Tomlinson
99%
Who was this said by? Harry
97%
"Are you and _____ dating?" Louis
92%
Did he answer yes or no? yes
90%
He then said the feeling's ______, mutual
76%
Who made this meal? Louis
74%
Who was asked this? Harry
71%
"And I'd ____ you, Harry." (hint: it rhymes) marry
69%
and that they've ____ it. discussed
65%
Who is known for writing Larry songs (not in the band)? Ed Sheeran
64%
If I say, "Oops!" you say... hi
62%
"wrapped in ____ ___" parma ham
60%
During an Ed Sheeran concert, a fan yells for Ed to propose to ____ Harry
57%
If I asked where you want to sit, you would say... next to you
54%
"with a side of _____ ____" homemade mash
46%
"I met you in the ______" toilet
44%
"_____ stuffed with ______," chicken, mozzarella
43%
When Liam says, "Female is an important trait I think," Harry replies... not that important
42%
"______ __ __ _____ @Harry_Styles . "Yours sincerely, Louis" Always in my heart
40%
"We kind of ____ that, really." share
37%
"Don't ____ it til you try it." knock
36%
When Ed says he's taken, a fan then yells, "__ _____" by Louis
34%
When talking about Louis' matching tattoos with Harry, we say, "he got the..." dagger
29%
"It just kinda _____" happened
26%
In said place, what did Louis yell for fans to hear? boyfriend
22%
To which the fan who asked the question responded, " _ ____ ___" I knew it
21%
"Some people _____, _____ think we're in a relationship." genuinely, seriously
16%
And what is his main Larry song called? Friends
15%
"Harry, you're like ____ because everybody loves _____" Pikachu
15%
When Louis and Harry arrived at an airport from the same plane is known as: lairport
11%
What is the famous Larry curse known as? the Wellington curse
11%
What is included when telling this story? hand motions
8%
What is the anual date of the "winter girlfriend"? December 7
2%
No matching quizzes found
Score Distribution
Percent of People with Each Score
Percentile by Number Answered
Your Score History
You have not taken this quiz